|
|
|
|
| LEADER |
01135nam a2200265 a 4500 |
| 001 |
4089008 |
| 008 |
100106s1974 maua b 001 0 eng d |
| 010 |
|
|
|a 73089883
|
| 020 |
|
|
|a 0878720588 :
|c $13.00
|
| 040 |
|
|
|a DLC
|c DLC
|d DLC
|d BD-DhAAL
|
| 082 |
0 |
0 |
|a 519.5
|
| 100 |
1 |
|
|a Mendenhall, William.
|
| 245 |
1 |
0 |
|a Statistics for management and economics /
|c William Mendenhall, James E. Reinmuth.
|
| 250 |
|
|
|a 2d ed.
|
| 260 |
|
|
|a North Scituate, Mass. :
|b Duxbury Press,
|c 1974
|
| 300 |
|
|
|a xi, 596 p. :
|b ill. ;
|c 25 cm.
|
| 504 |
|
|
|a Includes bibliographies and index.
|
| 541 |
1 |
|
|e 00000151
|
| 650 |
|
0 |
|a Statistics.
|
| 650 |
|
0 |
|a Social sciences
|x Statistical methods.
|
| 700 |
1 |
|
|a Reinmuth, James E.,
|d 1940-
|e joint author.
|
| 852 |
4 |
|
|a Ayesha Abed Library
|j General Shelf.
|
| 999 |
|
|
|c 6750
|d 6750
|
| 952 |
|
|
|0 0
|1 0
|2 ddc
|4 0
|6 519_500000000000000_MEN_1974
|7 0
|9 6931
|a BRACUL
|b BRACUL
|c GEN
|d 2010-01-06
|f 00
|g 0.00
|l 4
|m 35
|o 519.5 MEN
|p 3010000151
|r 2022-12-05
|s 2021-06-27
|t 1
|w 2010-01-06
|y BK
|z Not price in Register
|
| 952 |
|
|
|0 0
|1 0
|2 ddc
|4 0
|6 519_500000000000000
|7 0
|9 78806
|a BRACUL
|b BRACUL
|d 2026-02-05
|l 0
|o 519.5
|p 302009840515287
|r 2026-02-05
|w 2026-02-05
|